Los efectos jurídicos de la clientela romana.
محفوظ في:
| المؤلف الرئيسي: | |
|---|---|
| التنسيق: | كتاب |
| منشور في: |
Granada, España:
Comares,
2011.
|
| سلاسل: | Colección Persona
|
| الموضوعات: | |
| الوسوم: |
إضافة وسم
لا توجد وسوم, كن أول من يضع وسما على هذه التسجيلة!
|
MARC
| LEADER | 00000nam a22000007a 4500 | ||
|---|---|---|---|
| 003 | CL-VaPUC | ||
| 005 | 20220822114618.0 | ||
| 008 | 220713t2011 ||||| |||| 00| 0 eng d | ||
| 999 | |c 436991 |d 436989 | ||
| 020 | |a 978-84-9836-813-0 | ||
| 040 | |c Pontificia Universidad Católica de Valparaíso | ||
| 082 | 7 | |a 306.0937 TEL 2011 |2 22 | |
| 100 | 1 | |a Tello Lázaro, Juan Carlos |e autor |9 872815 | |
| 245 | |a Los efectos jurídicos de la clientela romana. | ||
| 260 | |a Granada, España: |b Comares, |c 2011. | ||
| 300 | |a 209 páginas. | ||
| 490 | |a Colección Persona |n 2. | ||
| 500 | |a c.1 Donación Familia Prof. Alejandro Guzmán Brito. | ||
| 583 | |c 20220713 |k Catalogador Asistente | ||
| 650 | |a Clientela |z Roma |9 872880 | ||
| 650 | |a Clases sociales |z Roma |9 872881 | ||
| 650 | |a Clientela |x Derecho romano |9 872882 | ||
| 942 | |2 ddc |c BK |n 0 | ||
| 952 | |0 0 |1 0 |2 ddc |4 0 |6 306_093700000000000_TEL_2011 |7 1 |8 C_AGB |9 584727 |a BIBDER |b BIBDER |d 2022-07-13 |e Donación |i 5652909 |o 306.0937 TEL 2011 |p 5652909 |r 2023-01-25 |t 1 |w 2022-07-13 |y BK_US |k AGB | ||